000 00453nam a22001817a 4500
003 MPLRDC
005 20220104143508.0
008 210129b ||||| |||| 00| 0 eng d
020 _a957-9279-46-2
082 _a848.2 LY-17
100 _a刘墉著
245 _a抓住属於你的那颗小星星
_c
250 _a初版
260 _a
_b水云斋文化事业有限公
_c2000
300 _b
650 _a现代别集
942 _cBK
_o848.2 LY-17
999 _c40463
_d40453